A TEXTBOOK OF PHARMACEUTICAL ENGINEERING (Record no. 8912)

MARC details
000 -LEADER
fixed length control field 00524nam a22001817a 4500
005 - DATE AND TIME OF LATEST TRANSACTION
control field 20251126174612.0
008 - FIXED-LENGTH DATA ELEMENTS--GENERAL INFORMATION
fixed length control field 251117b |||||||| |||| 00| 0 eng d
020 ## - INTERNATIONAL STANDARD BOOK NUMBER
ISBN 978-93-88022-47-7
041 ## - LANGUAGE CODE
Language code of text/sound track or separate title eng
082 ## - DEWEY DECIMAL CLASSIFICATION NUMBER
Classification number 615.4 UDD-T
100 ## - MAIN ENTRY--AUTHOR NAME
Personal name UDDIN, REHAN AND RAJAWAT, DR. JETINDRA SINGH AND VEJENDRA , DR. RAVI KUMAR
245 ## - TITLE STATEMENT
Title A TEXTBOOK OF PHARMACEUTICAL ENGINEERING
250 ## - EDITION STATEMENT
Edition statement 2025
260 ## - PUBLICATION, DISTRIBUTION, ETC. (IMPRINT)
Place of publication NEW DELHI
Name of publisher INNOVATIVE PUBLICATION PVT LTD .
Year of publication 2025
300 ## - PHYSICAL DESCRIPTION
Number of Pages 133;P
650 ## - SUBJECT ADDED ENTRY--TOPICAL TERM
Topical Term PHARMACY
942 ## - ADDED ENTRY ELEMENTS (KOHA)
Koha item type Books
Holdings
Lost status Damaged status Collection code Home library Current library Shelving location Date acquired Source of acquisition Cost, normal purchase price Full call number Accession Number Koha item type
    PHARMACY JRU Library JRU Library SHELF-3-E 14/11/2025 PURCHASE 350.00 615.4 29020 Books